[Event "StL-B-West 2002/03"]
[Site "Jenbach"]
[Date "2002.11.29"]
[Round "4"]
[Board "5"]
[White "Burschowsky, Matthias"]
[Black "Hamberger, Hermann"]
[Result "1-0"]
[WhiteElo "2169"]
[BlackElo "2135"]
[PlyCount "81"]

1.d4 Nf6 2.Nf3 c5 3.c4 cxd4 4.Nxd4 e5 5.Nf3 Nc6 6.Nc3 Bb4 7.Bd2 O-O 8.e3 e4
9.Nd4 Nxd4 10.exd4 d5 11.Qb3 Bxc3 12.bxc3 Re8 13.Be3 Re6 14.Be2 Rb6 15.Qa3 dxc4
16.Bxc4 Ng4 17.Bf4 Qf6 18.Bg3 Be6 19.Bxe6 Qxe6 20.O-O e3 21.fxe3 Qxe3+ 22.Kh1
Rh6 23.Rf3 Qd2 24.Qe7 Rf6 25.Re1 Rf8 26.h3 h5 27.hxg4 Rxf3 28.gxf3 hxg4 29.fxg4
Qxc3 30.Qe3 Qc6+ 31.Kg1 Qd5 32.a3 Rc8 33.Re2 b5 34.Qe4 Qb3 35.Qe3 Qd5 36.Be5 Rc6
37.Qe4 Qc4 38.d5 Rc5 39.d6 Qb3 40.Qa8+ Kh7 41.Rh2+

[Event "StL-B-West 2002/03"]
[Site "Jenbach"]
[Date "2002.11.29"]
[Round "4"]
[Board "6"]
[White "Nussbächer, Andreas"]
[Black "Sandholzer, Robert"]
[Result "0-1"]
[WhiteElo "2153"]
[BlackElo "2138"]
[PlyCount "94"]

1.d4 Nf6 2.Bg5 e6 3.e4 h6 4.Bxf6 Qxf6 5.Nc3 Bb4 6.Qd2 d6 7.O-O-O Bd7 8.f4 Nc6
9.Nf3 O-O-O 10.e5 Bxc3 11.bxc3 Qe7 12.c4 dxe5 13.fxe5 Qa3+ 14.Kb1 Ne7 15.c3 c5
16.Qb2 Qxb2+ 17.Kxb2 Bc6 18.Be2 b6 19.Rhe1 Nf5 20.Bd3 Bxf3 21.gxf3 cxd4 22.cxd4
Nxd4 23.Be4 Kc7 24.c5 bxc5 25.Rc1 Rb8+ 26.Ka1 Rb5 27.Red1 Rd8 28.Rd3 Kb6 29.Ra3
Ne2 30.Re1 Rd2 31.Bd3 Rbb2 32.Ra6+ Kb7 33.Bxe2 Rxe2 34.Rxe2 Rxe2 35.Rd6 Kc7
36.Ra6 Kb8 37.f4 Rd2 38.Ra5 Rd5 39.Ra3 Kb7 40.Kb2 Rd4 41.Rf3 g6 42.Kc2 a5 43.h4
h5 44.f5 exf5 45.e6 fxe6 46.Re3 Rxh4 47.Rxe6 Rg4

[Event "StL-B-West 2002/03"]
[Site "Jenbach"]
[Date "2002.11.29"]
[Round "4"]
[Board "1"]
[White "Medvegy, Zoltan"]
[Black "Teske, Henrik"]
[Result "1/2-1/2"]
[WhiteElo "2505"]
[BlackElo "2529"]
[PlyCount "47"]

1.e4 c5 2.Nf3 Nc6 3.d4 cxd4 4.Nxd4 e6 5.Nc3 Qc7 6.f4 a6 7.Nxc6 Qxc6 8.Bd3 b5
9.Qe2 Bb7 10.Bd2 Be7 11.a3 Rc8 12.Rf1 Nf6 13.e5 Nd5 14.Be4 Qc4 15.Qxc4 Rxc4
16.b3 Rc5 17.Nxd5 Bxd5 18.Bxd5 Rxd5 19.Bb4 g5 20.Rd1 Rxd1+ 21.Kxd1 gxf4 22.Rxf4
Rg8 23.g3 Rg5 24.Re4

[Event "StL-B-West 2002/03"]
[Site "Jenbach"]
[Date "2002.11.29"]
[Round "4"]
[Board "2"]
[White "Heinzel, Olaf"]
[Black "Mathe, Gaspar"]
[Result "1/2-1/2"]
[WhiteElo "2371"]
[BlackElo "2363"]
[PlyCount "64"]

1.c4 e5 2.g3 Nf6 3.Bg2 d5 4.cxd5 Nxd5 5.Nc3 Nb6 6.Nf3 Nc6 7.O-O Be7 8.d3 O-O
9.Be3 Be6 10.Na4 Nxa4 11.Qxa4 Qd7 12.Rfc1 f6 13.Nd2 Bd5 14.Qb5 Bxg2 15.Kxg2 Rfb8
16.Nb3 Kh8 17.Qc4 Rd8 18.Bc5 Bd6 19.Bxd6 cxd6 20.d4 Rac8 21.Qa4 Qf7 22.Rd1 Qd5+
23.Kg1 e4 24.Rac1 h5 25.Qc4 Qf5 26.d5 Ne5 27.Qd4 Ng4 28.Rf1 h4 29.f3 Rxc1
30.Nxc1 hxg3 31.hxg3 exf3 32.exf3 Ne5

[Event "StL-B-West 2002/03"]
[Site "Jenbach"]
[Date "2002.11.29"]
[Round "4"]
[Board "3"]
[White "Riediger, Martin"]
[Black "Duer, Werner"]
[Result "1/2-1/2"]
[WhiteElo "2275"]
[BlackElo "2285"]
[PlyCount "29"]

1.c4 c6 2.Nf3 d5 3.e3 Nf6 4.d4 g6 5.Nc3 Bg7 6.Qc2 O-O 7.Bd2 Be6 8.b3 Bf5 9.Bd3
Bxd3 10.Qxd3 Na6 11.cxd5 Nb4 12.Qb1 cxd5 13.O-O Rc8 14.Rc1 e6 15.Be1

[Event "StL-B-West 2002/03"]
[Site "Jenbach"]
[Date "2002.11.29"]
[Round "4"]
[Board "4"]
[White "Jannasch, Franz"]
[Black "Spiesberger, Gerhard"]
[Result "1-0"]
[WhiteElo "2189"]
[BlackElo "2093"]
[PlyCount "79"]

1.d4 d5 2.c4 e6 3.Nc3 Nf6 4.Bg5 Be7 5.Nf3 O-O 6.e3 Ne4 7.Nxe4 dxe4 8.Bxe7 Qxe7
9.Nd2 f5 10.Qb3 Kh8 11.Be2 Nd7 12.O-O e5 13.d5 Nf6 14.g3 Qd6 15.Rfd1 f4 16.Rac1
Bh3 17.c5 Qxd5 18.Qxd5 Nxd5 19.Nxe4 Rad8 20.Ng5 Bc8 21.e4 h6 22.Nf3 Nf6 23.Nxe5
Rxd1+ 24.Rxd1 Re8 25.Ng6+ Kh7 26.Nxf4 g5 27.Nd5 Nxd5 28.Rxd5 Kg7 29.Rd4 Kf6
30.f4 gxf4 31.gxf4 Rg8+ 32.Kf2 Bh3 33.Bf3 Ke7 34.Ra4 Rd8 35.Ke3 a6 36.f5 Bf1
37.Rd4 Rg8 38.e5 Rg5 39.Kf4 c6 40.Bg4

[Event "StL-B-West 2002/03"]
[Site "Jenbach"]
[Date "2002.11.29"]
[Round "4"]
[Board "5"]
[White "Fruehauf, Norbert"]
[Black "Thoeny, Hermann"]
[Result "0-1"]
[WhiteElo "2082"]
[BlackElo "2134"]
[PlyCount "76"]

1.e4 e6 2.d4 d5 3.Nc3 Nf6 4.Bg5 Bb4 5.e5 h6 6.Bd2 Bxc3 7.bxc3 Ne4 8.Qg4 g6 9.h4
c5 10.Bd3 Nxd2 11.Kxd2 c4 12.Be2 Nc6 13.Nf3 Qc7 14.Qf4 f5 15.g4 Bd7 16.gxf5 gxf5
17.Rhg1 O-O-O 18.Rg7 Qb6 19.Rag1 Qb2 20.R1g6 Na5 21.Rxh6 Qxa2 22.Bd1 Qb2 23.Rxh8
Rxh8 24.Qg5 Nb3+ 25.Ke2 Rd8 26.h5 Qxc3 27.h6 Nxd4+ 28.Nxd4 Qxd4 29.h7 c3
30.Qxd8+ Kxd8 31.h8=Q+ Kc7 32.Qh6 f4 33.Rxd7+ Kxd7 34.Qh7+ Kc6 35.Qd3 Kc5 36.Ke1
a5 37.Be2 Qxd3 38.Bxd3 a4

[Event "StL-B-West 2002/03"]
[Site "Jenbach"]
[Date "2002.11.29"]
[Round "4"]
[Board "6"]
[White "Baerner, Helmut"]
[Black "Doppelhammer, Herbert"]
[Result "1/2-1/2"]
[WhiteElo "2137"]
[BlackElo "2110"]
[PlyCount "35"]

1.d4 d5 2.Nf3 c6 3.e3 Bf5 4.Bd3 Bg4 5.Nbd2 Nf6 6.c3 Nbd7 7.e4 dxe4 8.Nxe4 Nxe4
9.Bxe4 Nf6 10.Bc2 e6 11.h3 Bh5 12.Bf4 Bd6 13.Qd2 Bxf3 14.gxf3 Bxf4 15.Qxf4 Nd5
16.Qe5 Qf6 17.O-O-O Qxe5 18.dxe5

[Event "StL-B-West 2002/03"]
[Site "Jenbach"]
[Date "2002.11.29"]
[Round "4"]
[Board "1"]
[White "Reich, Thomas"]
[Black "Kelecevic, Nedeljko"]
[Result "1/2-1/2"]
[WhiteElo "2397"]
[BlackElo "2388"]
[PlyCount "108"]

1.d4 Nf6 2.c4 e6 3.Nf3 b6 4.Nc3 Bb4 5.Bd2 Bb7 6.e3 O-O 7.Bd3 d6 8.Qc2 Nbd7 9.a3
Bxc3 10.Bxc3 Qe7 11.O-O e5 12.Nh4 e4 13.Be2 g6 14.g3 Rfe8 15.Ng2 Nf8 16.b4 Ne6
17.d5 Ng5 18.Qd1 c5 19.Nf4 Bc8 20.h4 Nh3+ 21.Kg2 Nxf4+ 22.exf4 h5 23.Re1 Ng4
24.Qc1 Bf5 25.Bb2 Kh7 26.Qc3 Rg8 27.f3 exf3+ 28.Bxf3 Qd7 29.Re2 Rae8 30.Bxg4
Bxg4 31.Rxe8 Qxe8 32.Re1 Qd8 33.Kf2 cxb4 34.axb4 f6 35.Qxf6 Qxf6 36.Bxf6 Rc8
37.Re7+ Kg8 38.Rg7+ Kf8 39.Rxa7 Rxc4 40.Be7+ Ke8 41.Bxd6 Rd4 42.Rb7 Rxd5 43.Rxb6
Bf5 44.Be5 Rd2+ 45.Ke1 Rd3 46.b5 Be4 47.Rd6 Rxg3 48.Bf6 Kf7 49.b6 Rb3 50.Kd2 Bf5
51.Bg5 Ke8 52.Bd8 Kf7 53.Rd4 Ke6 54.Bc7 Kf7

[Event "StL-B-West 2002/03"]
[Site "Jenbach"]
[Date "2002.11.29"]
[Round "4"]
[Board "2"]
[White "Weindl, Alfred"]
[Black "Micheli, Carlo"]
[Result "1/2-1/2"]
[WhiteElo "2371"]
[BlackElo "2350"]
[PlyCount "73"]

1.d4 Nf6 2.Bg5 g6 3.Bxf6 exf6 4.e3 d6 5.c3 f5 6.Nd2 Nd7 7.h4 Nf6 8.Bd3 Qe7 9.Qf3
c6 10.Ne2 Bh6 11.O-O-O Be6 12.c4 d5 13.Nf4 O-O-O 14.Kb1 Kb8 15.cxd5 Bxd5 16.Nxd5
Nxd5 17.Nb3 Qc7 18.h5 Bf8 19.Rc1 Bd6 20.g3 Rhe8 21.Bc4 Nf6 22.hxg6 fxg6 23.Bd3
Qe7 24.Nc5 h5 25.Nb3 Qe6 26.Rc2 Re7 27.Rhc1 Rc7 28.Na5 Qd5 29.Qxd5 Nxd5 30.a3
Nf6 31.Nc4 Re7 32.Nd2 Bc7 33.Nf3 Ne4 34.Re2 Rd6 35.Rce1 Rf6 36.Bc4 Bd6 37.Rf1

[Event "StL-B-West 2002/03"]
[Site "Jenbach"]
[Date "2002.11.29"]
[Round "4"]
[Board "3"]
[White "Hoellrigl, Wilfried"]
[Black "Poettinger, Harald"]
[Result "1/2-1/2"]
[WhiteElo "2219"]
[BlackElo "2222"]
[PlyCount "57"]

1.e4 e5 2.Nf3 d6 3.d4 Nf6 4.Nc3 Nbd7 5.Bc4 Be7 6.O-O O-O 7.Re1 c6 8.a4 b6 9.Ba2
a6 10.Bg5 Bb7 11.Qd2 b5 12.Rad1 Qc7 13.dxe5 dxe5 14.Nh4 g6 15.Bh6 Rfe8 16.Nf5
Nc5 17.Nxe7+ Qxe7 18.Qd6 Ne6 19.Qxe7 Rxe7 20.Rd6 Rd8 21.Rxd8+ Nxd8 22.Bg5 Kg7
23.Rd1 Ne6 24.Bxf6+ Kxf6 25.Rd6 Re8 26.Rd7 Re7 27.Rd6 Re8 28.Rd7 Re7 29.Rd6

[Event "StL-B-West 2002/03"]
[Site "Jenbach"]
[Date "2002.11.29"]
[Round "4"]
[Board "4"]
[White "Bezler, Rainer"]
[Black "Sprenger, Wendelin"]
[Result "1-0"]
[WhiteElo "2253"]
[BlackElo "2199"]
[PlyCount "59"]

1.e4 c5 2.Nf3 d6 3.d4 cxd4 4.Nxd4 Nf6 5.Nc3 a6 6.Bg5 e6 7.f4 Be7 8.Qf3 Qc7
9.O-O-O Nbd7 10.g4 b5 11.Bxf6 Nxf6 12.g5 Nd7 13.f5 Nc5 14.f6 gxf6 15.gxf6 Bf8
16.Rg1 h5 17.Rg7 Bb7 18.Ncxb5 axb5 19.Bxb5+ Kd8 20.b4 e5 21.bxc5 exd4 22.cxd6
Qc5 23.Qb3 Bxg7 24.fxg7 Qg5+ 25.Kb1 Qxg7 26.Ba4 f5 27.Qb6+ Kc8 28.d7+ Kb8
29.Rxd4 Qg1+ 30.Kb2

[Event "StL-B-West 2002/03"]
[Site "Jenbach"]
[Date "2002.11.29"]
[Round "4"]
[Board "1"]
[White "Riemelmoser, Franz"]
[Black "Meissner, Bernd"]
[Result "1-0"]
[WhiteElo "2320"]
[BlackElo "2382"]
[PlyCount "99"]

1.c4 Nf6 2.g3 g6 3.Bg2 Bg7 4.Nc3 O-O 5.d3 d6 6.Nf3 Nc6 7.O-O Nh5 8.e4 f5 9.exf5
Bxf5 10.Ng5 Nf6 11.h3 h6 12.Nge4 Nxe4 13.dxe4 Be6 14.Nd5 Ne5 15.f4 Nxc4 16.Qc2
Nb6 17.Ne3 Bf7 18.Bd2 Nd7 19.Bc3 e5 20.Rad1 h5 21.h4 Qe7 22.Nd5 Bxd5 23.exd5 Rf6
24.Be4 Kh7 25.f5 Bh6 26.Bd2 Bxd2 27.Rxd2 Raf8 28.Rdf2 Nc5 29.fxg6+ Kg7 30.Bf5 e4
31.Qe2 Qe5 32.Qxh5 Rh8 33.Qg4 c6 34.h5 cxd5 35.Rh2 Qd4+ 36.Kh1 Qe3 37.Qh3 Kh6
38.g4 Qg5 39.Qh4 Ne6 40.Qxg5+ Nxg5 41.Rd2 Rc8 42.Rfd1 Rxf5 43.gxf5 Nf3 44.Rg2 e3
45.g7 d4 46.f6 d3 47.f7 e2 48.Rdg1 Rc4 49.g8=N+ Kxh5 50.Nf6+

[Event "StL-B-West 2002/03"]
[Site "Jenbach"]
[Date "2002.11.29"]
[Round "4"]
[Board "2"]
[White "Herbrechtsmeier, Christof"]
[Black "Bronznik, Valeri"]
[Result "1/2-1/2"]
[WhiteElo "2334"]
[BlackElo "2399"]
[PlyCount "48"]

1.e4 c5 2.Nf3 Nc6 3.d4 cxd4 4.Nxd4 Nf6 5.Nc3 e5 6.Ndb5 d6 7.Bg5 a6 8.Na3 b5
9.Bxf6 gxf6 10.Nd5 Bg7 11.c3 f5 12.exf5 Bxf5 13.Nc2 O-O 14.Nce3 Bg6 15.h4 Be4
16.Bd3 Bxd5 17.Nxd5 f5 18.Bc2 Kh8 19.Qh5 e4 20.O-O Ne7 21.Rad1 Ng6 22.g3 Be5
23.Kh1 Ra7 24.f4 Bg7

[Event "StL-B-West 2002/03"]
[Site "Jenbach"]
[Date "2002.11.29"]
[Round "4"]
[Board "3"]
[White "Halasz, Tamas"]
[Black "Kratochwil, Christian"]
[Result "1-0"]
[WhiteElo "2386"]
[BlackElo "2319"]
[PlyCount "89"]

1.d4 Nf6 2.Nf3 e6 3.c4 d5 4.Nc3 Be7 5.Bg5 h6 6.Bxf6 Bxf6 7.e3 O-O 8.Rc1 c6 9.Bd3
Nd7 10.O-O dxc4 11.Bxc4 e5 12.h3 exd4 13.exd4 Nb6 14.Bb3 Re8 15.Re1 Bf5 16.Qd2
Qd6 17.Rxe8+ Rxe8 18.Re1 Rxe1+ 19.Qxe1 Kf8 20.Qe3 Nd5 21.Nxd5 cxd5 22.Ne5 Bxe5
23.dxe5 Qb4 24.Bxd5 Qxb2 25.g4 Bd7 26.Qxa7 Qxe5 27.Qxb7 Be8 28.Kg2 h5 29.Qb4+
Kg8 30.Qe4 Qxe4+ 31.Bxe4 hxg4 32.hxg4 Kf8 33.Kf3 Ke7 34.Ke3 g5 35.Kd4 Kd6 36.Bc2
Bd7 37.Bd1 Bc6 38.a4 f6 39.a5 Bb5 40.Bc2 Be2 41.Be4 Ba6 42.Bd3 Bc8 43.a6 Kc6
44.a7 Kb7 45.Bf5

[Event "StL-B-West 2002/03"]
[Site "Jenbach"]
[Date "2002.11.29"]
[Round "4"]
[Board "4"]
[White "Lawitsch, Guenther"]
[Black "Scheffknecht, Philipp"]
[Result "1-0"]
[WhiteElo "2257"]
[BlackElo "2183"]
[PlyCount "155"]

1.e4 c5 2.Ne2 e5 3.Nbc3 Nf6 4.g3 d5 5.exd5 Nxd5 6.Bg2 Nc7 7.O-O Be7 8.d3 O-O
9.f4 Nd7 10.Kh1 Rb8 11.fxe5 Nxe5 12.d4 Ng6 13.Be3 b6 14.dxc5 bxc5 15.b3 Bb7
16.Bxb7 Rxb7 17.Qxd8 Rxd8 18.Rad1 Rxd1 19.Rxd1 Ne6 20.Rd5 Bf8 21.Kg2 Ne7 22.Rd2
h6 23.Ne4 Nf5 24.Bf2 c4 25.g4 cxb3 26.cxb3 Ne7 27.Nd4 Nf4+ 28.Kf3 Nfg6 29.Bg3
Nd5 30.Nc6 Nb4 31.Nxb4 Bxb4 32.Rd8+ Kh7 33.Rd4 a5 34.Bd6 Nh4+ 35.Ke2 Bxd6
36.Nxd6 Re7+ 37.Kf2 Rc7 38.Nc4 Rc5 39.Rd7 a4 40.Rxf7 axb3 41.axb3 Rb5 42.Nd2 Kg6
43.Rc7 Kf6 44.Rc6+ Kf7 45.Ke3 h5 46.h3 hxg4 47.hxg4 Ng6 48.Rc7+ Ne7 49.Ke4 Ke6
50.Nf3 Kd6 51.Rc3 Rb4+ 52.Nd4 g6 53.Rc4 Rb6 54.Ra4 Nd5 55.Ra5 Nf6+ 56.Kf4 Nd5+
57.Kg5 Ke5 58.Nf3+ Ke4 59.Nd2+ Kd4 60.Ra4+ Kc3 61.Rc4+ Kd3 62.Nf3 Ne3 63.Ne5+
Kd2 64.Rd4+ Kc2 65.Nc4 Nxc4 66.bxc4 Kc3 67.Rf4 Rc6 68.Kh6 Kd3 69.g5 Ke3 70.Rf6
Rxc4 71.Kxg6 Ke4 72.Kg7 Ke5 73.g6 Rc1 74.Rf2 Ke6 75.Kg8 Rg1 76.g7 Ra1 77.Rh2
Ra8+ 78.Kh7

[Event "StL-B-West 2002/03"]
[Site "Jenbach"]
[Date "2002.11.29"]
[Round "4"]
[Board "5"]
[White "Rotfuss, Oliver"]
[Black "Hengl, Christian"]
[Result "1/2-1/2"]
[WhiteElo "2168"]
[BlackElo "2206"]
[PlyCount "32"]

1.d4 f5 2.g3 Nf6 3.Bg2 g6 4.c3 Bg7 5.Nh3 e6 6.Nd2 d6 7.Qb3 c6 8.O-O O-O 9.e4 d5
10.exf5 exf5 11.Nf4 Kh8 12.Nd3 Nbd7 13.Nf3 Ne4 14.h4 b6 15.Re1 Ba6 16.Nf4 Re8

[Event "StL-B-West 2002/03"]
[Site "Jenbach"]
[Date "2002.11.29"]
[Round "4"]
[Board "6"]
[White "Mair, Christoph"]
[Black "Wallis, Toni"]
[Result "1/2-1/2"]
[WhiteElo "2114"]
[BlackElo "2137"]
[PlyCount "36"]

1.d4 d5 2.Nf3 c6 3.e3 Nf6 4.Bd3 g6 5.Nbd2 Bf5 6.Ne5 Nbd7 7.f4 Bxd3 8.cxd3 Bg7
9.b3 O-O 10.O-O Ne8 11.Bb2 Nd6 12.Kh1 Re8 13.Qf3 f6 14.Nxd7 Qxd7 15.e4 dxe4
16.dxe4 f5 17.e5 Nb5 18.Qd3 Red8

[Event "StL-B-West 2002/03"]
[Site "Jenbach"]
[Date "2002.11.29"]
[Round "4"]
[Board "1"]
[White "Grundherr, Martin"]
[Black "Umansky, Mikhail"]
[Result "0-1"]
[WhiteElo "2343"]
[BlackElo "2415"]
[PlyCount "104"]

1.e4 g6 2.d4 Bg7 3.Nf3 d6 4.Bc4 Nf6 5.Qe2 O-O 6.Nc3 Bg4 7.e5 dxe5 8.dxe5 Nfd7
9.e6 Ne5 10.exf7+ Kh8 11.Bf4 Nbc6 12.Rd1 Qc8 13.Bd5 Qf5 14.Bxe5 Nxe5 15.Be4 Qh5
16.Qe3 Nc4 17.Qc1 c6 18.Rd3 Bh6 19.Qa1 Rxf7 20.O-O Raf8 21.b3 Nd6 22.Nd2 Bg7
23.Qe1 Qc5 24.Na4 Qa5 25.h3 Bc8 26.Qe3 b5 27.Nc3 b4 28.Na4 Ba6 29.Qxa7 e5 30.Qe3
Nf5 31.Qc5 Qxc5 32.Nxc5 Bxd3 33.Nxd3 Nd4 34.Nxb4 Bh6 35.Nf3 Ne2+ 36.Kh1 Rf4
37.Bd3 Nc3 38.Nxe5 Rxb4 39.Nxc6 Rb6 40.Ne5 Rb4 41.Nc6 Rb6 42.Ne5 Re6 43.Ng4 Bg7
44.a4 Bd4 45.g3 h5 46.Ne3 Bxe3 47.fxe3 Rxf1+ 48.Bxf1 Rxe3 49.Kg2 Nd5 50.Bd3 Kg7
51.a5 Nb4 52.Bc4 Rc3

[Event "StL-B-West 2002/03"]
[Site "Jenbach"]
[Date "2002.11.29"]
[Round "4"]
[Board "2"]
[White "Klundt, Klaus"]
[Black "Bertagnolli, Alexander"]
[Result "1-0"]
[WhiteElo "2385"]
[BlackElo "2294"]
[PlyCount "113"]

1.e4 g6 2.d4 Bg7 3.Nc3 c6 4.Bc4 d5 5.exd5 b5 6.Bb3 b4 7.Nce2 cxd5 8.Nf3 Nf6
9.O-O O-O 10.a3 bxa3 11.Rxa3 Nbd7 12.Nf4 Nb6 13.Ne5 Bb7 14.Re1 Ne4 15.c3 Bxe5
16.dxe5 Nc4 17.Ra2 e6 18.Nd3 Qb6 19.Bh6 Rfc8 20.Bc2 Qd8 21.Qg4 a5 22.h4 Ra6
23.f3 f5 24.exf6 Nxf6 25.Qd4 Nh5 26.b3 Nd6 27.Bg5 Qb6 28.Rxe6 Ng7 29.Qxb6 Rxb6
30.Re2 Rxc3 31.Bf6 Rc8 32.Rxa5 Ra6 33.Rc5 Re8 34.Rxe8+ Ndxe8 35.Be5 Rc6 36.b4
Ne6 37.Bb3 Nxc5 38.Nxc5 Rxc5 39.bxc5 Bc6 40.Kf2 Kf7 41.Ke3 Ke7 42.Kd4 Ke6 43.g4
h6 44.f4 h5 45.gxh5 gxh5 46.Bd1 Nf6 47.Bxf6 Kxf6 48.Bc2 Bb7 49.Bd1 Kf5 50.Bxh5
Kxf4 51.Bf3 Ba6 52.c6 Kf5 53.Kxd5 Kf6 54.Kd6 Bc8 55.Be4 Kg7 56.Kc7 Bh3 57.Kb8

[Event "StL-B-West 2002/03"]
[Site "Jenbach"]
[Date "2002.11.29"]
[Round "4"]
[Board "3"]
[White "Astl, Peter"]
[Black "Hager, Franz"]
[Result "1-0"]
[WhiteElo "2280"]
[BlackElo "2265"]
[PlyCount "109"]

1.d4 f5 2.g3 Nf6 3.Bg2 d5 4.Nf3 e6 5.b3 c6 6.O-O Bd6 7.Ba3 Bxa3 8.Nxa3 Qe7 9.Qc1
O-O 10.c4 Bd7 11.Qb2 a5 12.c5 Be8 13.Nc2 Nbd7 14.b4 axb4 15.Nxb4 Bh5 16.Nd3 Ra7
17.Rfb1 Rfa8 18.Qc2 h6 19.Rb2 Bg6 20.Nfe5 Nxe5 21.Nxe5 Bh7 22.f4 Nd7 23.Nd3 Qd8
24.Rab1 Qc7 25.Qd2 Bg6 26.Bf3 Be8 27.Kf2 Nf6 28.Qe3 Bd7 29.Ne5 Bc8 30.Qb3 Ra3
31.Qb6 Qxb6 32.Rxb6 Rxa2 33.Rxb7 Bxb7 34.Rxb7 Ne4+ 35.Kg2 Nd2 36.Bh5 Ne4 37.Nxc6
Nc3 38.Ne7+ Kh7 39.c6 Nxe2 40.Bg6+ Kh8 41.c7 Nxd4+ 42.Kh3 Rc8 43.Rb8 Ra8 44.Rxa8
Rxa8 45.c8=Q+ Rxc8 46.Nxc8 Kg8 47.Kg2 Kf8 48.Kf2 Nc6 49.Ke3 e5 50.fxe5 Nxe5
51.Bxf5 Kf7 52.Nb6 Kf6 53.Bh3 d4+ 54.Ke4 d3 55.Nd5+

[Event "StL-B-West 2002/03"]
[Site "Jenbach"]
[Date "2002.11.29"]
[Round "4"]
[Board "4"]
[White "Hinteregger, Arthur"]
[Black "Mittelberger, Peter"]
[Result "0-1"]
[WhiteElo "2222"]
[BlackElo "2259"]
[PlyCount "108"]

1.d4 d6 2.c4 Nf6 3.Nc3 g6 4.e4 Bg7 5.Nf3 O-O 6.Be2 Nbd7 7.O-O e5 8.Be3 Ng4 9.Bg5
f6 10.Bh4 c6 11.Rc1 Qe7 12.b4 Nh6 13.b5 Nf7 14.bxc6 bxc6 15.d5 c5 16.Nb5 Qd8
17.Rb1 h5 18.Bg3 Nb6 19.h3 f5 20.exf5 Bxf5 21.Rb3 Bf6 22.Nd2 Bg5 23.f4 exf4
24.Bxf4 Bxf4 25.Rxf4 a6 26.Na3 Ne5 27.Rg3 h4 28.Rb3 Nbd7 29.Qe1 g5 30.Rf2 Qe7
31.Qf1 Bg6 32.Nf3 Nxf3+ 33.Rbxf3 Rxf3 34.Rxf3 Ne5 35.Rf6 Rf8 36.Rxf8+ Qxf8
37.Qxf8+ Kxf8 38.Kf2 Ke7 39.Ke3 Kf6 40.Bf1 Bh7 41.Be2 Bf5 42.Bf1 Nd7 43.Be2 Ke5
44.Bd3 Bxd3 45.Kxd3 Kf4 46.Nc2 Ne5+ 47.Kc3 Ke4 48.a4 Ng6 49.Ne1 Kf4 50.Nc2 Ne5
51.a5 g4 52.hxg4 Nxg4 53.Kd3 Kg3 54.Ne1 Ne5+

[Event "StL-B-West 2002/03"]
[Site "Jenbach"]
[Date "2002.11.29"]
[Round "4"]
[Board "5"]
[White "Eybl, Alexander"]
[Black "Gottsmann, Herbert"]
[Result "1-0"]
[WhiteElo "2233"]
[BlackElo "2193"]
[PlyCount "95"]

1.c4 e5 2.g3 Nc6 3.Bg2 g6 4.Nc3 Bg7 5.d3 d6 6.e3 Be6 7.Nge2 Qd7 8.h4 h6 9.Qa4
Nge7 10.Nd5 O-O 11.Nec3 Nc8 12.b4 f5 13.Rb1 Qf7 14.b5 Nd8 15.Bd2 c6 16.bxc6 bxc6
17.Nb4 e4 18.Nxc6 Bxc3 19.Bxc3 Qe8 20.dxe4 Bd7 21.exf5 Bxc6 22.Bxc6 Qxc6 23.Qxc6
Nxc6 24.fxg6 Nb6 25.h5 Rab8 26.Rh4 Ne5 27.Re4 Nbxc4 28.Rxb8 Rxb8 29.f4 Rb1+
30.Ke2 Rc1 31.Bxe5 dxe5 32.fxe5 Nb6 33.a4 Rc7 34.g4 Re7 35.Kf3 Nd5 36.g5 Kg7
37.Kg4 Nc7 38.Kf5 hxg5 39.Kxg5 Ne6+ 40.Kf5 Kh6 41.Kf6 Re8 42.Kf7 Ng7 43.e6 Rc8
44.e7 Nf5 45.e8=Q Nd6+ 46.Kf8 Nxe8 47.Rxe8 Rc5 48.Re7

[Event "StL-B-West 2002/03"]
[Site "Jenbach"]
[Date "2002.11.30"]
[Round "5"]
[Board "1"]
[White "Teske, Henrik"]
[Black "Hertneck, Gerald"]
[Result "1/2-1/2"]
[WhiteElo "2529"]
[BlackElo "2516"]
[PlyCount "42"]

1.e4 e6 2.d4 d5 3.exd5 exd5 4.Nf3 Bd6 5.c4 c6 6.Nc3 Ne7 7.Bg5 f6 8.Bh4 Be6 9.c5
Bc7 10.Bd3 Bf5 11.O-O O-O 12.Re1 Bxd3 13.Qxd3 Na6 14.Re2 Qd7 15.Rae1 Ng6 16.Bg3
Rae8 17.a3 Rxe2 18.Rxe2 Re8 19.Rxe8+ Qxe8 20.b4 Bxg3 21.hxg3 Nc7

[Event "StL-B-West 2002/03"]
[Site "Jenbach"]
[Date "2002.11.30"]
[Round "5"]
[Board "2"]
[White "Brumen, Dinko"]
[Black "Heinzel, Olaf"]
[Result "1-0"]
[WhiteElo "2398"]
[BlackElo "2371"]
[PlyCount "77"]

1.e4 d5 2.exd5 Qxd5 3.Nc3 Qa5 4.Nf3 Nf6 5.d4 c6 6.h3 Bf5 7.Bd3 Bxd3 8.Qxd3 e6
9.O-O Nbd7 10.Bf4 Be7 11.a3 O-O 12.Rfe1 Nd5 13.Bd2 Nxc3 14.Bxc3 Qd5 15.Bd2 Rfd8
16.c4 Qh5 17.b4 Bf6 18.Rad1 Qg6 19.Qb3 b5 20.Bf4 Nb6 21.cxb5 cxb5 22.Bc7 Rd5
23.Bxb6 axb6 24.Ne5 Bxe5 25.dxe5 Rad8 26.Rxd5 exd5 27.Qc3 Qe6 28.Qd3 Qc6 29.Qd4
h6 30.Re3 Qc4 31.Qxb6 Re8 32.Rg3 Kh8 33.Rg4 Qe2 34.f4 Rc8 35.Kh2 Rc1 36.Qd8+ Kh7
37.Qf8 g5 38.Qxf7+ Kh8 39.Qf6+

[Event "StL-B-West 2002/03"]
[Site "Jenbach"]
[Date "2002.11.30"]
[Round "5"]
[Board "3"]
[White "Duer, Werner"]
[Black "Maier, Alexander"]
[Result "1/2-1/2"]
[WhiteElo "2285"]
[BlackElo "2365"]
[PlyCount "105"]

1.d4 d6 2.Nf3 Nf6 3.Nc3 Nbd7 4.e4 e5 5.Bc4 Be7 6.O-O c6 7.a4 h6 8.Qe2 Qc7 9.Rd1
Nf8 10.b3 g5 11.Bb2 Ng6 12.g3 Bg4 13.Qe3 Rg8 14.Kh1 Bh5 15.Rd2 Qc8 16.Ng1 Nf4
17.f3 Ne6 18.Nce2 Qc7 19.a5 Bg6 20.Bd3 h5 21.c4 c5 22.dxe5 dxe5 23.Nc3 Nd4
24.Nd5 Nxd5 25.cxd5 O-O-O 26.Bc4 Kb8 27.Ne2 Bd6 28.Nxd4 exd4 29.Qd3 Rde8 30.Re2
Re7 31.b4 cxb4 32.Bxd4 Rc8 33.Bb3 Qd7 34.Qe3 g4 35.Bxa7+ Ka8 36.Bd4 gxf3 37.Qxf3
Be5 38.Bxe5 Rxe5 39.a6 b6 40.d6 Rc3 41.Qf6 Rcc5 42.Rae1 Qe8 43.d7 Qxd7 44.Qxb6
Rb5 45.Qf2 Qa7 46.Qf6 Qc7 47.Rc2 Qd7 48.Rce2 Rbc5 49.Qb6 Rb5 50.Qf6 Rbc5 51.Qb6
Rb5 52.Qf6 Rbc5 53.Qb6

[Event "StL-B-West 2002/03"]
[Site "Jenbach"]
[Date "2002.11.30"]
[Round "5"]
[Board "4"]
[White "Ljubic, Juro"]
[Black "Jannasch, Franz"]
[Result "0-1"]
[WhiteElo "2291"]
[BlackElo "2189"]
[PlyCount "118"]

1.e4 d6 2.d4 Nf6 3.Nc3 g6 4.Bg5 Nbd7 5.Qd2 h6 6.Bh4 g5 7.Bg3 Nh5 8.Nge2 Bg7 9.f3
e5 10.Bf2 Nb6 11.O-O-O Be6 12.d5 Bd7 13.g4 Nf4 14.Ng3 a6 15.Kb1 Nc8 16.Nce2 Ne7
17.Nxf4 exf4 18.Nh5 Be5 19.h4 c5 20.dxc6 Nxc6 21.hxg5 hxg5 22.c3 Qe7 23.Bc4
O-O-O 24.Bd5 Kb8 25.Qe2 Rc8 26.Bb6 Na7 27.Bd4 Nb5 28.Bxe5 Qxe5 29.c4 Nd4 30.Qd3
Ne6 31.Qb3 Nc5 32.Qb6 Be6 33.Rh2 Rc7 34.Rhd2 Bc8 35.Qa5 f5 36.exf5 Bxf5+ 37.gxf5
Rxh5 38.Be6 Nxe6 39.Rd5 Qe2 40.fxe6 Qxe6 41.Qb4 Qg6+ 42.Ka1 Rc6 43.a3 g4 44.fxg4
Qxg4 45.Rxd6 Rhc5 46.Rd8+ Ka7 47.R8d7 Rc7 48.R1d6 Qg1+ 49.Rd1 Qe3 50.Rxc7 Rxc7
51.a4 f3 52.a5 f2 53.Rf1 Rc6 54.Qc3 Qxc3 55.bxc3 Rf6 56.Kb2 Kb8 57.Kc2 Kc7
58.Kd3 Kc6 59.Kd4 Rf8

[Event "StL-B-West 2002/03"]
[Site "Jenbach"]
[Date "2002.11.30"]
[Round "5"]
[Board "5"]
[White "Thoeny, Hermann"]
[Black "Schoeppl, Engelbert"]
[Result "1-0"]
[WhiteElo "2134"]
[BlackElo "2219"]
[PlyCount "75"]

1.d4 Nf6 2.Nf3 g6 3.g3 Bg7 4.Bg2 O-O 5.c4 d6 6.O-O a6 7.Nc3 Nc6 8.h3 Rb8 9.Be3
b5 10.cxb5 axb5 11.Rc1 Bd7 12.d5 Na5 13.b3 b4 14.Nb1 c5 15.dxc6 Bxc6 16.Bd4 Qd7
17.Re1 Rfe8 18.Nbd2 Qb7 19.Ba1 e5 20.Rc2 Ne4 21.Nxe4 Bxe4 22.Rc1 d5 23.Rc5 Nc6
24.Qd2 Rbc8 25.Rec1 Bf8 26.Rxc6 Rxc6 27.Rxc6 Qxc6 28.Nxe5 Qc7 29.Ng4 Bg7 30.Bxg7
Rc8 31.Bb2 Qc2 32.Qd4 Rc3 33.Nh6+ Kf8 34.Qxb4+ Rc5 35.Bxe4 dxe4 36.Ba3 Kg7
37.Qxc5 Qb1+ 38.Bc1

[Event "StL-B-West 2002/03"]
[Site "Jenbach"]
[Date "2002.11.30"]
[Round "5"]
[Board "6"]
[White "Huber, David"]
[Black "Baerner, Helmut"]
[Result "1/2-1/2"]
[WhiteElo "2095"]
[BlackElo "2137"]
[PlyCount "122"]

1.d4 Nf6 2.Nf3 c5 3.e3 e6 4.Bd3 b6 5.Nbd2 Ba6 6.c4 cxd4 7.exd4 Be7 8.O-O O-O
9.b3 d6 10.Bb2 Nbd7 11.Re1 Re8 12.Ng5 g6 13.Qf3 Rb8 14.Nde4 Bf8 15.d5 e5 16.g4
h6 17.Nxf6+ Qxf6 18.Qxf6 Nxf6 19.Ne4 Nxe4 20.Bxe4 Bc8 21.Bf3 f5 22.gxf5 Bxf5
23.Be4 Kf7 24.f3 Kf6 25.f4 Rb7 26.b4 Rc7 27.Rac1 Bxe4 28.Rxe4 Kf5 29.Rce1 Bg7
30.Ba3 Rec8 31.c5 bxc5 32.fxe5 Bxe5 33.bxc5 Rxc5 34.Bxc5 Rxc5 35.Ra4 Rxd5
36.Rf1+ Kg5 37.h4+ Kh5 38.Kg2 a5 39.Rf3 Rc5 40.Rd3 d5 41.Kf3 Bc3 42.Rf4 d4
43.Ke4 Rb5 44.a4 Rb1 45.Rh3 Rd1 46.Rg3 Re1+ 47.Kd3 Re5 48.Rf6 Kxh4 49.Rgxg6 Re3+
50.Kc4 h5 51.Rf4+ Kh3 52.Rg5 h4 53.Rgg4 Be1 54.Rxd4 Ra3 55.Kb5 Rb3+ 56.Kc6 Bg3
57.Rg5 Be1 58.Re4 Rg3 59.Rxg3+ Bxg3 60.Kb6 Kg2 61.Rxh4 Bxh4

[Event "StL-B-West 2002/03"]
[Site "Jenbach"]
[Date "2002.11.30"]
[Round "5"]
[Board "1"]
[White "Kelecevic, Nedeljko"]
[Black "Bezold, Michael"]
[Result "1/2-1/2"]
[WhiteElo "2388"]
[BlackElo "2468"]
[PlyCount "34"]

1.d4 g6 2.c4 Bg7 3.Nc3 c5 4.d5 Bxc3+ 5.bxc3 f5 6.g4 fxg4 7.e4 d6 8.h3 Nf6 9.hxg4
Bxg4 10.f3 Bh5 11.Nh3 Qa5 12.Be2 Nbd7 13.Bd2 O-O-O 14.Ng5 Rdf8 15.Ne6 Rf7 16.Ng5
Rff8 17.Ne6 Rf7